| 000 | 00597nam a2200157Ia 4500 | ||
|---|---|---|---|
| 008 | 100122s9999 xx 000 0 und d | ||
| 082 |
_b23921 _a808.1 |
||
| 100 | _aकंगले र प | ||
| 245 | _aप्राचीन काव्यशास्त्र (वा.क.क्र.1/3) | ||
| 250 | _a0 | ||
| 260 |
_bमौज प्रकाशन _c1971 |
||
| 300 | _a50 | ||
| 630 | _aप्राचीन काव्यशास्त्र (वा.क.क्र.1/3) | ||
| 730 | _aप्राचीन काव्यशास्त्र (वा.क.क्र.1/3) | ||
| 942 | _cBOOK | ||
| 999 |
_c411426 _d411423 |
||